[Event "Winnipeg TNT October op"]
[Site "Winnipeg"]
[Date "2007.10.23"]
[Round "4"]
[White "Huynh, Peter"]
[Black "Magnusson, Bryan"]
[Result "1-0"]
[WhiteElo "1585"]
[BlackElo "1176"]
[PlyCount "53"]
[EventDate "2007.10.02"]
[EventType "swiss"]
[EventRounds "5"]
[EventCountry "CAN"]
[SourceTitle "EXT 2022"]
[Source "ChessBase"]
[SourceDate "2021.10.06"]
[SourceVersion "1"]
[SourceVersionDate "2021.10.06"]
[SourceQuality "1"]

1. c4 e5 2. Nc3 Nc6 3. Nf3 d6 4. g3 Nf6 5. Bg2 Bd7 6. 0-0 Qe7 7. d4 e4 8. Ng5 0-0-0 9. Ngxe4 Ng4 10. h3 f5 11. Bg5 Nf6 12. Nd5 Qe6 13. Nexf6 h6 14. Nxd7 Rxd7 15. Be3 g5 16. Nxc7 Rxc7 17. d5 Qe5 18. dxc6 bxc6 19. Bd4 Qe6 20. Bxh8 f4 21. gxf4 gxf4 22. Qd4 Qg6 23. Qxf4 Rh7 24. Qxf8+ Kd7 25. Rad1 Re7 26. Bf6 Qe8 27. Qxe7+ 1-0

[Event "Winnipeg TNT October op"]
[Site "Winnipeg"]
[Date "2007.10.16"]
[Round "3"]
[White "Magnusson, Bryan"]
[Black "Green, Aaron"]
[Result "0-1"]
[WhiteElo "1176"]
[BlackElo "1543"]
[PlyCount "70"]
[EventDate "2007.10.02"]
[EventType "swiss"]
[EventRounds "5"]
[EventCountry "CAN"]
[SourceTitle "EXT 2022"]
[Source "ChessBase"]
[SourceDate "2021.10.06"]
[SourceVersion "1"]
[SourceVersionDate "2021.10.06"]
[SourceQuality "1"]

1. e4 c5 2. d3 Nc6 3. Nc3 d6 4. Bd2 Nf6 5. Be2 e6 6. Nf3 Be7 7. 0-0 0-0 8. Be3 Bd7 9. a3 a6 10. b3 Qc7 11. Qd2 d5 12. Na4 d4 13. Bf4 e5 14. Bg3 b5 15. Nb2 Nh5 16. Bh4 Bxh4 17. Nxh4 Nf4 18. Bf3 Qd8 19. Nf5 Qg5 20. Qe1 Rac8 21. Rc1 Bxf5 22. exf5 Qxf5 23. c3 Qe6 24. Qd1 dxc3 25. Rxc3 Nd4 26. Bb7 Qg6 27. a4 Rc7 28. Be4 f5 29. Bf3 e4 30. dxe4 fxe4 31. Bg4 h5 32. g3 hxg4 33. gxf4 Nf3+ 34. Kg2 Qh5 35. Rh1 Qh3# 0-1